| 000 | 00353nam a2200133Ia 4500 | ||
|---|---|---|---|
| 008 | 240624s9999 xx 000 0 und d | ||
| 041 | _aeng | ||
| 082 | _a828 WIL | ||
| 100 | _aWILLIAMS BRIAN GLYN | ||
| 245 | _aLAST WARLORD THE LIFE AND LEGEND OF DOST | ||
| 260 |
_c2017 _aNew Delhi _bHarperCollins |
||
| 300 | _axx, 334 p.; 21 cm. | ||
| 365 |
_cRS _b27.5 |
||
| 999 |
_c29552 _d29552 |
||